A cien días de gobierno liberal: el país trancado

Salvato in:
Dettagli Bibliografici
Natura: testo
Tags: Aggiungi Tag
Nessun Tag, puoi essere il primo ad aggiungerne!!

MARC

LEADER 00000 a a2200000 04500
001 46007
003
040 |a CRAI/IIS  |c CRAI/IIS 
245 |a A cien días de gobierno liberal:   |b el país trancado  
773 |g volumen17, número407 (1997), páginas 4-6  
999 |c 18547  |d 18547